Powell Clayton : politician and diplomat, 1897-1905 /

Bibliographic Details
Main Author: Burnside, William H.
Format: Thesis Book
Language:English
Published: [Place of publication not identified] : [publisher not identified] ; 1978.
Subjects:

MARC

Tag First Indicator Second Indicator Subfields
LEADER 00000cam a2200000 i 4500
001 in00000029171
005 20151007060115.0
008 780828s1978 aru b 00010 eng d
035 |a (OCoLC)04171538 
035 |9 AAC0091AM 
040 |a AFU  |c AFU  |d TXA  |d UtOrBLW 
049 |a TXAM  |c [A11693261] 
050 4 |a F411.C62  |b B85 
100 1 |a Burnside, William H. 
245 1 0 |a Powell Clayton : politician and diplomat, 1897-1905 /  |c by William H. Burnside. 
264 1 |a [Place of publication not identified] :  |b [publisher not identified] ;  |c 1978. 
300 |a vi, 245 leaves. ;  |c 28 cm. 
336 |a text  |b txt  |2 rdacontent 
337 |a unmediated  |b n  |2 rdamedia 
338 |a volume  |b nc  |2 rdacarrier 
502 |b Ph.D.  |c University of Arkansas  |d 1978. 
504 |a Bibliography: leaves 233-245. 
533 |a Photocopy.  |b Ann Arbor, Mich. :  |c University Microfilms International,  |d 1988. 
600 1 0 |a Clayton, Powell,  |d 1833-1914. 
999 |a MARS 
999 f f |s 6e4ecdc9-5039-3c3c-a59a-41af25f8e65e  |i 52987322-1e06-37f1-8f7c-400b4bbdc224  |t 0 
952 f f |p normal  |a Texas A&M University  |b College Station  |c Sterling C. Evans Library  |d Evans: Library Stacks  |t 0  |e F411.C62 B85  |h Library of Congress classification  |i unmediated -- volume  |m A14811693261 
998 f f |a F411.C62 B85  |t 0  |l Evans: Library Stacks